Probabilidad y estadística para ingeniría y ciencias / William Mendenhall (Registro nro. 14185)
[ vista simple ]
| 000 -LÍDER | |
|---|---|
| fixed length control field | 00641nam a2200181 4500 |
| 008 - ELEMENTOS DE LONGITUD FIJA -- INFORMACIÓN GENERAL | |
| fixed length control field | 0 1997 0a 000 0MEX |
| 020 ## - NÚMERO INTERNACIONAL NORMALIZADO PARA LIBROS | |
| ISBN | 968-880-960-8 |
| 050 ## - SIGNATURA TOPOGRAFICA DE LA BIBLIOTECA DEL CONGRESO (LC) | |
| Número de Clasificación | QA276 M429 1997 |
| 082 ## - NUMERO DE CLASIFICACION DECIMAL DEWEY | |
| Número de Clasificación | 519.5 M365p |
| 100 ## - ASIENTO PRINCIPAL--NOMBRE PERSONAL | |
| Nombre personal | Mendenhall, William |
| 245 ## - TÍTULO | |
| Título | Probabilidad y estadística para ingeniría y ciencias / William Mendenhall |
| 250 ## - MENCIÓN DE EDICIÓN | |
| Mención de edición | 4 |
| 260 ## - PUBLICACIÓN, DISTRIBUCIÓN, ETC. (PIE DE IMPRENTA) | |
| Lugar de publicación, distribución, etc. | México : Prentice Hall |
| 300 ## - DESCRIPCIÓN FÍSICA | |
| Extensión | 1182 p. / 26cm |
| 500 ## - NOTA GENERAL | |
| Nota general | Incluye ap‚ndice e índice |
| 650 ## - ASIENTO SECUNDARIO DE MATERIA - TERMINO TEMÁTICO | |
| Término temático o nombre geográfico como elemento de entrada | 1.ESTADISTICA MATEMÁTICA \ 2.INGENIERIA MÉTODOS ESTADÍSTICOS |
| 700 ## - ASIENTO SECUNDARIO - NOMBRE PERSONAL | |
| Nombre personal | Sincich, Terry, coaut. \ Escalona, Roberto, Tr. \ Rico Rico, Marcial Gil, Rev. |
| No. biblioteca | No. biblioteca | Número de clasificación | Código de barras/Número de adquisición | Número de copia | Tipo de material |
|---|---|---|---|---|---|
| LUIS G. INCLAN | LUIS G. INCLAN | 519.5 M365p | 33667 | 1 | Libros |
